| 000 | 00950nam a2200289 a 4500 | ||
|---|---|---|---|
| 001 | 24579 | ||
| 003 | CO-ViMGA | ||
| 008 | 141112s2004 ck r 000 u spa d | ||
| 015 | _ack - 1990 - xxxx | ||
| 020 | _a9586143260 | ||
| 040 |
_aCO-ViMGA _bspa _cCO-ViMGA |
||
| 082 | 0 | 4 | _a920.72 A714m |
| 100 | 1 |
_aArciniegas, Germán, 1900 - 1999 _936596 |
|
| 245 | 1 | 0 |
_aEl mundo de la bella Simonetta / _cGermán Arciniegas |
| 260 |
_aBogotá : _bPlaneta, _cc1990 |
||
| 300 | _a191 p., láms. : il. ; 21 cm. | ||
| 490 | _aColección documento | ||
| 591 | _a920.72 A72m 1 ed. 107548 - 49 ej. 1 - 2 Dep. Leg. 1991 1.800 3.600 | ||
| 600 |
_aCattaneo, Simonetta, 1453 - 1476 _936597 |
||
| 650 | 1 | 4 | _aBiografias |
| 650 | 1 | 4 |
_aBoticelli - Pintura _936598 |
| 650 | 1 | 4 | _aItalia - historia |
| 650 | 1 | 4 |
_aVespucci, Simonetta _936599 |
| 930 | _alab jfp | ||
| 942 |
_2ddc _cBK |
||
| 949 | _a920.72 A72m 1 ed. D.SAMPER LIBRO DEWEY DEWEY DEP/LEGAL GENERAL Y Y | ||
| 999 |
_c32401 _d32401 |
||